Ideología y teoría de la democracia
Gardado en:
| Autor Principal: | |
|---|---|
| Formato: | Texto |
| Publicado: |
San José :
|
| Materias: | |
| Etiquetas: |
Engadir etiqueta
Sen Etiquetas, Sexa o primeiro en etiquetar este rexistro!
|
MARC
| LEADER | 00000 a a2200000 04500 | ||
|---|---|---|---|
| 001 | 15571 | ||
| 003 | |||
| 040 | |||
| 090 | |a EXTRAVIADO | ||
| 100 | |a Chavi, Milena de Souza | ||
| 245 | |a Ideología y teoría de la democracia | ||
| 260 | |a San José : | ||
| 300 | |a 48 p. | ||
| 650 | |a DEMOCRACIA | ||
| 650 | |a IDEOLOGIAS | ||
| 999 | |c 1170 |d 1170 | ||
